Geografie-Kette #6 - Statistiken

Allgemein
  • Dieses Quiz wurde 1.051 mal gespielt
  • Das Durchschnittsergebnis liegt bei 14 aus 20
Antwortstatistiken
Hint Antwort % Korrekt
Republik, in dem man mit Franken bezahlt Schweiz
100%
Gebirge in ^ Alpen
99%
Land, in dem ^ steht Frankreich
94%
Höchster Berg von ^ Mont Blanc
90%
Anzahl der Nachbarländer von ^ 10
88%
Skandinavische Hauptstadt mit ^ Buchstaben Kopenhagen
85%
Eine Brücke verbindet ^ mit welchem Land Schweden
85%
Europäisches Land mit selben Flaggenfarben wie ^ Ukraine
79%
Hauptstadt von ^ Kiew
78%
Flächengrößtes Nachbarland von ^ Brasilien (über Französisch-Guyana)
76%
Anzahl der Zeitzonen, in denen ^ liegt 1
72%
Einwohnerreichstes Nachbarland von ^ China
62%
Binnenland in Südamerika (nicht ^) Bolivien
59%
Land in Ozeanien mit ^ Nachbarland Papua Neu-Guinea
59%
Alphabetisch nächsten Land nach ^ (in Südamerika) Paraguay
58%
Gebirge in ^ Anden
57%
Land in dem ^ liegt Peru
53%
Alphabetisch nächstes Land nach ^ (in Zentralasien) Kirgisistan
50%
Hauptstadt von ^ Lima
49%
Weltwunder der Neuzeit in ^ Machu Picchu
44%
Keine übereinstimmenden Quizze gefunden
Verteilung der Resultate
Anzahl Personen mit jedem Resultat
Perzentil nach korrekt beantworteten Fragen
Ihre Resultats-Entwicklung
Sie haben dieses Quiz noch nicht gespielt